| 000 | 01137nam a22002057a 4500 | ||
|---|---|---|---|
| 999 |
_c63892 _d63892 |
||
| 003 | Ge_BSU | ||
| 005 | 20260213140536.0 | ||
| 008 | 260213s1977 ge ||||| |||| 00| 0 geo d | ||
| 041 | _ageo | ||
| 080 | _a32.001(09) ა-13 | ||
| 100 |
_aაბაშმაძე, ვახტანგ _926205 |
||
| 245 |
_aნარკვევები პოლიტიკურ მოძღვრებათა ისტორიიდან. წ. 2, მონათმფლობელური ეპოქა : _bანტიკური სამყაროს ქვეყნები / _cვახტანგ აბაშმაძე. |
||
| 264 |
_aთბილისი : _b საბჭ. საქართველო, _c1977. |
||
| 300 |
_a582 გვ.; _b22 სმ. |
||
| 520 | _aრეზ. რუს. და გერმ. ენ. | ||
| 653 | _aპოლიტიკურ მოძღვრებათა ისტორია | ||
| 653 | _aმონათმფლობელური სახელმწიფო. | ||
| 653 | _aანტიკური სახელმწიფოები | ||
| 942 |
_2udc _cᲬᲘᲒᲜᲘ |
||